Prašivina líšok (súčasné rozšírenie na Slovensku)

Podrobná bibliografia
Hlavní autori: Hell, Pavel, 1930-2009 (Autor), Gašparovič, J. (Autor)
Médium: Článok
Jazyk:slovenčina
Fyzický popis:Fotogr. 1, obr. 1, tab. 1
ISSN:0231-8768
Predmet:

MARC

LEADER 00000nab a2200000 a 4500
001 vtls000489034
003 SK-MaSNL
005 20260304030343.0
008 250310c1993 xo 0 slo
015 |a SNBRB19rr/mm-uuuuu 
035 |a CL0489172 
035 |a urn:nbn:sk:snk-abeoom 
035 |a (urnnbn)urn:nbn:sk:snk:ar-006yp2 
035 |a (uuid)629caeb6-e463-407f-a327-1ea7bd588512 
040 |a SNKBUCL  |b slo  |c SNKBUCL  |e AACR2 
041 0 |a slo 
044 |a xo  |c SK 
080 |a 639.113.1:639.1.091  |2 1981 
080 |a 639.1.091  |2 1981 
080 |a 591.2  |2 1981 
080 |a 599.742.1  |2 1981 
100 1 |a Hell, Pavel,  |d 1930-2009  |4 aut  |9 125123 
245 1 0 |a Prašivina líšok (súčasné rozšírenie na Slovensku)  |c Pavel Hell, J. Gašparovič 
300 |b Fotogr. 1, obr. 1, tab. 1 
650 0 7 |a líšky  |2 snkbucl  |9 23247 
650 0 7 |a svrab  |2 snkbucl  |9 19290 
655 7 |a články z novín a časopisov  |2 snkbucl  |9 267496 
700 1 |a Gašparovič, J.  |4 aut  |9 926195 
773 0 |t Poľovníctvo a rybárstvo  |g Roč. 45, č. 7 (1993), s. 8-9  |x 0231-8768 
850 |a Slovenská národná knižnica v Martine  |a MTA001 
852 |a SNK  |b KIS3GCP 
958 |a OND 
958 |a RK 
958 |a article27 
992 |a RBX 
999 |c 2633716  |d 2635646